Term paper and scientific writing: (Record no. 494)

MARC details
000 -LEADER
fixed length control field 00859nam a22002297a 4500
005 - DATE AND TIME OF LATEST TRANSACTION
control field 20230607023359.0
008 - FIXED-LENGTH DATA ELEMENTS--GENERAL INFORMATION
fixed length control field 230109b |||||||| |||| 00| 0 eng d
020 ## - INTERNATIONAL STANDARD BOOK NUMBER
International Standard Book Number 978-971-30-1318-7
082 ## - DEWEY DECIMAL CLASSIFICATION NUMBER
Classification number Fil. 001.42 D346 2012
100 ## - MAIN ENTRY--PERSONAL NAME
Personal name De Leon, Sonia Y.
Relator term author
245 ## - TITLE STATEMENT
Title Term paper and scientific writing:
Remainder of title with guideline for research methods and thesis /
Statement of responsibility, etc. Sonia Y. De Leon, Virginia Serraon-Claudio, Adela Jamorado-Ruiz
250 ## - EDITION STATEMENT
Edition statement 4th ed.
260 ## - PUBLICATION, DISTRIBUTION, ETC.
Place of publication, distribution, etc. Manila:
Name of publisher, distributor, etc. Merriam & Webster Book Store,
Date of publication, distribution, etc. c2012.
300 ## - PHYSICAL DESCRIPTION
Extent xviii, 296p.;
Other physical details ill.
504 ## - BIBLIOGRAPHY, ETC. NOTE
Bibliography, etc. note Includes bibliographical references and bibliographies
505 ## - FORMATTED CONTENTS NOTE
Formatted contents note Contents: Part 1 - Term Paper<br/>Part 2 - Research and Scientific Writing
541 ## - IMMEDIATE SOURCE OF ACQUISITION NOTE
Accession number 4116
650 ## - SUBJECT ADDED ENTRY--TOPICAL TERM
Topical term or geographic name entry element Research
650 ## - SUBJECT ADDED ENTRY--TOPICAL TERM
Topical term or geographic name entry element Thesis
700 ## - ADDED ENTRY--PERSONAL NAME
Personal name Claudio, Virginia S.
Relator term author
700 ## - ADDED ENTRY--PERSONAL NAME
Personal name Ruiz, Adela J.
Relator term author
Holdings
Withdrawn status Lost status Source of classification or shelving scheme Damaged status Not for loan Home library Current library Date acquired Total Checkouts Full call number Barcode Date last seen Copy number Price effective from Koha item type
    Dewey Decimal Classification     ctu-moalboal ctu-moalboal 06/18/2015   Fil. 001.42 D346 2012 4116 01/09/2023 1 01/09/2023 Books-Filipiniana